00918nam a22002175i 4500001000700000003000900007005001700016008004100033040001500074100002100089245015700110260007400267300003200341490002500373650003500398700005100433830003300484852004000517999001900557952012400576155353ES-MaACL20250925165645.0941221s1878 sp |||| | spa d aCARM bspa0 aHerodoto.96312614aLos nueve libros de la Historia / cde Herodoto de Halicarnaso ; traducida del griego al castellano por el P. Bartolomé Pou de la Compañia de Jesus. aMadrid : b[s.n.], c1878 (fImprenta Central a cargo de Victor Saiz) a2 v.(495;472 p.) ; c18 cm.1 aBiblioteca clásica07aHistoria antigua2embne9133851 aPou, Bartolomé c(S.I.), d1727-180291313130 aBiblioteca clásica9180370 aES-MaACLjF-13096-97 z-- Enc. hol. c155353d155353 001040708LIBXIXaATENEOMbATENEOMcSPP2d2008-01-17l0oF-13096-97p1162505r2023-02-23 00:00:00w2023-02-23yMONANT